000 00530nam a2200229Ia 4500
003 OSt
005 20221007082541.0
006 a|||||r|||| 00| 0
007 ta
008 221006b |||||||| |||| 00| 0 eng d
024 _a2,667
037 _cTextual
040 _aFLL
_cFLL
_beng
041 _2eng
_aeng
082 _aZ1, M4
100 _aStarke Au.
245 0 _aInternational law
260 _c1984
650 _aInternational law
942 _hZ1, M4
_cTEXL
_2CC
999 _c1166817
_d1166817